00772 2200229 4500001002100000005001700021008004100038035002500079040001200104082001500116084002000131100001700151245010600168260007300274300003200347500006300379504002800442650002300470700001900493850001200512990001800524INLIS00000000000979620150812081457.0  a0010-081500000001234 aYOPDYOG 223a297.28 aSK 297.28 Nur P aNUR Daryanto aPesan dakwah dalam tradisi kenduri di Pedukuhan VIII Desa Pleret Panjatan Kulon Progoc/ Nur Daryanto aYogyakartabUniversitas Islam Negeri Sunan Kalijaga Yogyakartac2006 aviii, 93 lembarc; 29,5 cm. aSkripsi Jurusan Komunikasi Penyiaran Islam Fakultas Dakwah aBibliografi: hlm. 91-93 aIslam -- Asimilasi aMACHFUDZ Fauzy aYOPDYOG a47947-PD/A.15